Διερεύνηση των αλληλεπιδράσεων ιχθυοκαλλιεργειών και θαλάσσιου περιβάλλοντος σε κλειστές παράκτιες περιοχές : η περίπτωση της μονάδας ιχθυοκαλλιέργειας στον κόλπο της Γέρας, Λέσβου : πτυχιακή εργασία

Αποθηκεύτηκε σε:
Λεπτομέρειες βιβλιογραφικής εγγραφής
Κύριος συγγραφέας: Δημητριάδης, Χαράλαμπος
Συγγραφή απο Οργανισμό/Αρχή: Πανεπιστήμιο Αιγαίου Σχολή Περιβάλλοντος Τμήμα Επιστημών της Θάλασσας
Άλλοι συγγραφείς: Κουτσούμπας, Δρόσος (Εισηγητής διατριβής)
Μορφή: Thesis Βιβλίο
Γλώσσα:Greek
Δημοσίευση: Μυτιλήνη : Πανεπιστήμιο Αιγαίου, Τμήμα Επιστημών της Θάλασσας, 2003
Θέματα:
Διαθέσιμο Online:http://hdl.handle.net/11610/7267
Ετικέτες: Προσθήκη ετικέτας
Δεν υπάρχουν, Καταχωρήστε ετικέτα πρώτοι!

MARC

LEADER 00000cam a2200000 i 4500
001 1/24543
008 060217s2003 gre d
035 |l 10082693 
040 |a GR-MY-UA  |b gre  |e aacr 
041 0 |a gre 
082 0 |a 639.3  |2 (22) 
100 1 |a Δημητριάδης, Χαράλαμπος. 
245 1 0 |a Διερεύνηση των αλληλεπιδράσεων ιχθυοκαλλιεργειών και θαλάσσιου περιβάλλοντος σε κλειστές παράκτιες περιοχές :  |b η περίπτωση της μονάδας ιχθυοκαλλιέργειας στον κόλπο της Γέρας, Λέσβου : πτυχιακή εργασία /  |c Δημητριάδης Χαράλαμπος ; υπεύθυνος καθηγητής Κουτσούμπας 
260 |a Μυτιλήνη :   |b Πανεπιστήμιο Αιγαίου, Τμήμα Επιστημών της Θάλασσας,   |c 2003 
300 |a 64 σ.;  |b πιν., διαγρ.;  |c 30 εκ. 
502 |a Πτυχιακή εργασία – Πανεπιστήμιο Αιγαίου, Λέσβος, 2003. 
504 |a Βιβλιογραφία: σ. 60-64 
650 0 0 |a Fish culture  |z Greece  |z Yera. 
650 0 0 |a Fisheries  |x Environmental aspects. 
650 0 0 |a Marine pollution  |z Greece  |z Yera. 
650 0 0 |a Dissertations, Academic  |z Greece. 
700 1 |4 ths  |a Κουτσούμπας, Δρόσος. 
710 2 |a Πανεπιστήμιο Αιγαίου  |b Σχολή Περιβάλλοντος  |b Τμήμα Επιστημών της Θάλασσας. 
852 |a INST  |b LESVOS  |c DIATR  |e 20060217  |h 11  |p 005100036038  |q 005100059960  |t DIE  |y 23 
852 |a INST  |b LESVOS  |c DIATR  |e 20060217  |h 12  |p 005100035981  |q 005100035981  |t DIE  |y 23 
856 |u http://hdl.handle.net/11610/7267 
901 |a BIBL1-2006-1 
909 |a Λ  |b 107102 
909 |a Λ  |b 107133 
924 |a ΔΗΜΗΤΡΙΑΔΗΣ  |b ΧΑΡΑΛΑΜΠΟΣ  |y ΛΕΣΒΟΣ  |z 2003-11 
970 |a ΜΑΡΙΝΑΤΟΥ  |b ΜΥΡΣΙΝΗ  |z 2006/02/17